|
|
|
|
| LEADER |
00000nam a22000007a 4500 |
| 005 |
20180330181221.0 |
| 007 |
cr|||| |||| |
| 008 |
180330s2016 co |||||s|||| 00||0 spa d |
| 020 |
|
|
|a 978-958-8987-16-3
|
| 035 |
|
|
|a 21264
|
| 040 |
|
|
|a vLex
|
| 090 |
|
|
|c 7584
|d 7584
|
| 100 |
1 |
|
|a Vels̀quez V., Fernando
|
| 245 |
1 |
0 |
|a Problemas actuales del derecho penal
|h [Recurso electrn̤ico] :
|b 2012-2015 /
|c Fernando Vels̀quez V., Renato Vargas Lozano
|n Volumen I
|
| 256 |
|
|
|a Servicio en ln̕ea
|
| 260 |
|
|
|a Bogot:̀
|b Universidad Sergio Arboleda,
|c 2016
|
| 300 |
|
|
|a 1 recurso electrn̤ico
|
| 500 |
|
|
|a Este libro ren︢e los resultados de las investigaciones adelantadas por los miembros del semillero de investigacin̤ ‘Problemas Actuales del Derecho Penal’ durante los aǫs 2012-2015 y del Grupo de Investigacin̤ en Ciencias Penales y Criminolg̤icas ‘Emiro Sandoval Huertas’, de la Universidad Sergio Arboleda. Los distintos capt̕ulos que la integran se ocupan de temas de gran actualidad e interš y abarcan cuestiones relativas a las partes general y especial del derecho penal, el derecho procesal penal, el derecho penitenciario y la polt̕ica criminal, tales como la penalizacin̤ de los conductores en estado de embriaguez, el feminicidio, el plagio penalmente relevante en el m̀bito universitario, el delito de cohecho, el carc̀ter pretendidamente acusatorio del proceso penal colombiano actual, el hacinamiento carcelario o la polt̕ica criminal en materia de lavado de activos. Se trata de una obra de gran utilidad para ter̤icos y prc̀ticos que est ̀llamada a promover el debate en torno a todas estas cuestiones, gracias al tono crt̕ico empleado por sus autores.
|
| 506 |
1 |
|
|a Disponible solo en los productos indicados
|d vLex Global
|d vLex Global (Academic Edition, excluding Law Schools)
|d vLex Global (U.S. Academic Edition, Law Schools)
|d vLex Global (U.S. Academic Edition, excluding Law Schools)
|d vLex Global (Academic Edition, Law Schools)
|
| 650 |
|
|
|a Derecho Penal
|z Colombia
|
| 700 |
1 |
|
|a Vargas Lozano, Renato
|
| 740 |
0 |
|
|a vLex Libros (Servicio en ln̕ea)
|
| 856 |
4 |
0 |
|u http://vlex.com/source/problemas-actuales-del-derecho-penal-volumen-i-2012-2015-21264
|z Acceso restringido
|
| 942 |
|
|
|c BOOK
|
| 999 |
0 |
|
|a Criminal law
|